| 000 | 00762nam a22001577a 4500 | ||
|---|---|---|---|
| 003 | OSt | ||
| 005 | 20150927164841.0 | ||
| 008 | 150927b xxu||||| |||| 00| 0 eng d | ||
| 040 | _cRUA | ||
| 082 | _aAGR LIM 2011 B050 Or.1 | ||
| 100 |
_91460 _aLIM, SREYMOM |
||
| 245 | _aEffect of weeds control techniques on ir 66 in early wet season in chukiri district, kampot province, ឥទ្អិពលបច្ចេកទសគ្រប់គ្រងស្មៅទៅលើពូជស្រូវអ៊ីអ៊ែរ៦៦ក្នុងលក្ខខណ្ឌដើមរដូវរស្សានៅស្រុកជុំគីរី ខេត្តកំពត | ||
| 260 |
_aPhnom Penh _bRUA _c2011 |
||
| 300 |
_axiii, 48p. _bill. _c29cm. |
||
| 942 |
_2ddc _cAGR |
||
| 999 |
_c1371 _d1371 |
||